| 000 | 00672nam a2200181 4500 | ||
|---|---|---|---|
| 008 | b xx# ara u | ||
| 010 | _a55135 | ||
| 040 | _aLB-BrCRDP | ||
| 082 | _a892.71/Z46h | ||
| 100 | 1 | _a. زين الدين، خالد | |
| 130 | 1 | _lAR | |
| 245 | 1 | 0 |
_a. حنين البيادر _b(ديوان شعر فصيح) _cخالد زين الدين؛ تدقيق اوزان عاصم حسن، تدقيق لغوي وسام سري الدين |
| 260 |
_aالمختاره _bالدار التقدمية _c2010 |
||
| 300 |
_a181 ص. ؛ _c21 سم. |
||
| 650 | _aالشعر اللبناني الحديث | ||
| 942 | _cBK | ||
| 999 |
_c15875 _d15875 |
||